000 00403nam a22001337a 4500
005 20241111101706.0
008 241111b |||||||| |||| 00| 0 eng d
020 _a04068994159
245 _aThe All England Law Reports 1997 Vol. 3
_cEdited by Vandridge-Ames Caroline LLM
260 _aLondon
_bButterworths
_c1997
300 _axv, 1024 pages
_c23.5 cm
650 _2Law Reports
_xEngland
942 _2lcc
_cBK
_n0
999 _c981
_d981